| 000 | 02011nam0a2200337 i 4500 | ||
|---|---|---|---|
| 001 | RU\NLR\BIBL_A\010567137 | ||
| 005 | 20240921141824.0 | ||
| 010 |
_a9785913272768 _9500 |
||
| 021 |
_aRU _b2014-80966 _94940 |
||
| 035 | _a(NILC)RuMoRGB-007573549 | ||
| 035 | _a(NLR Aleph) 010567137 | ||
| 090 |
_a10408575 _c10408575 |
||
| 100 | _a20141217d2014 k y0rusy50 ca | ||
| 101 | 0 | _arus | |
| 102 | _aRU | ||
| 105 | _aa|||z||||00yy | ||
| 200 | 1 |
_aРазработка математических моделей и оптимизация химико-технологических систем при нечеткости исходной информации _eмонография _eучебное пособие для студентов высших учебных заведений, обучающихся по специальности 05.13.18 - "Математическое моделирование, численные методы и комплексы программ" _fБ. Б. Оразбаев, Л. Т. Курмангазиева _gРос. Акад. естествознания, Изд. дом Акад. естествознания |
|
| 210 |
_aМосква _cИздательский Дом Академии Естествознания _d2014 |
||
| 215 |
_a161 с. _cил. _d20 |
||
| 313 | _aнефтепереработка | ||
| 320 | _aБиблиогр.: с. 122-132 (151 назв.) | ||
| 606 | 1 |
_aНефть _xПереработка _xИнформационные технологии _92332820 _3RU\NLR\AUTH\661394890 |
|
| 606 | 1 |
_aНефть _xПереработка _xОптимизация _xМатематические методы _91682881 _3RU\NLR\AUTH\66747312 |
|
| 686 | 1 | _aЛ54-1с11 | |
| 700 | 1 |
_aОразбаев _bБ. Б. _gБатыр Бидайбекович |
|
| 701 | 1 |
_aКурмангазиева _bЛ. Т. _gЛяйля Таскалиевна |
|
| 801 | 0 |
_aRU _bРГБ _c20141027 _gRCR |
|
| 942 | _cBOOK | ||
| 980 | _aNBR | ||